Представление документа в формате MARC21

Поле Инд. ПП Название Значение
Тип записи a
Библиографический уровень b
001 Контрольный номер RU/IS/BASE/142007080
005 Дата корректировки 20200630193146.0
084 a Индекс другой классификации/Индекс ББК 60.524.122.115(2Рос); 60.506
100 1_ a Автор Журавлев В. В.
245 a Заглавие Россия XX столетия: реформы или социальный эксперимент
504 a Библиография Библиогр.: с. 23 - 24
520 a Аннотация В статье рассматриваются три этапа модернизационного цикла России (досоветский, советский, постсоветский)
650 a Основная рубрика социология
653 a Ключевые слова исторический процесс
a Ключевые слова методы социологических исследований
a Ключевые слова модернизационные процессы
a Ключевые слова модернизация общества
a Ключевые слова общественное развитие
a Ключевые слова Россия
a Ключевые слова социальные процессы
a Ключевые слова социодинамика
a Ключевые слова социологические исследования
a Ключевые слова трансформация общества
773 t Заглавие источника Социально-гуманитарные знания
d Дата издания источника 2001
g Прочая информация № 3. - С. 3 - 24
w Контрольный № источника RU/IS/BASE/139676203
901 t Тип документа b